01014cam a2200301 a 45000010008000000030004000080050017000120080041000290100017000700200028000870200018001150400018001330500024001510820023001751000024001982450061002222500012002832600053002953000036003485000083003845000042004675040053005096500013005626500019005756500027005947000075006217300016006962105730OSt20200130122725.0960314s1997 njua b 001 0 eng  a 96013389  a0131864793 (alk. paper) a9788120312180 aDLCcDLCdDLC00aHG6024.A3bH85 199700a332.645222bHUL/O aHull, John Cd1946-10aOptions, futures, and other derivatives /cJohn C. Hull. a3rd ed. aUpper Saddle River, NJ :bPrentice Hall,cc1997. axix, 572 p. :bill. ;c24 cm. + aRev. ed. of: Options, futures, and other derivative securities. 2nd ed. c1993. aDisk contains Deriva Gem version 2.1. aIncludes bibliographical references and indexes. 0aFutures. 0aStock options. 0aDerivative securities.1 aHull, John,d1946-tOptions, futures, and other derivative securities.02aDeriva gem.